Furthest Possible Distances From the US - Statistics

General Stats
  • This quiz has been taken 46 times
  • The average score is 16 of 20
Answer Stats
km country miles % Correct
19,704 South Africa 12,243
90%
18,880 Lesotho 11,731
87%
20,038 Namibia 12,451
87%
18,994 Swaziland 11,802
87%
19,879 Zambia 12,352
87%
19,931 Zimbabwe 12,384
87%
18,464 Madagascar 11,473
85%
20,038 Botswana 12,451
82%
19,592 Angola 12,174
79%
19,322 Mozambique 12,006
79%
18,165 Rwanda 11,287
79%
18,635 Tanzania 11,579
79%
18,157 Congo 11,282
77%
19,248 Dem Rep Congo 11,960
77%
19,070 Australia 11,850
72%
18,326 Burundi 11,387
72%
18,964 Malawi 11,784
72%
18,003 Uganda 11,187
69%
18,601 Mauritius 11,558
67%
17,945 Indonesia 11,150
56%
No matching quizzes found
Score Distribution
Percent of People with Each Score
Percentile by Number Answered
Your Score History
You have not taken this quiz